000 00774cam a2200229 a 4500
001 000013041
003 DO-SdBNP
005 20250721133537.0
008 810323s1974 pr b 000 0 spa
035 _a80146401
040 _aDO-SdBNP
_bspa
_cBNPHU
_dBNPHU
041 _aspa
082 _a352.14097295
_bC292c
_222
100 1 _aCaro Costas, Aída R.,
_d1962-
_930142
245 1 3 _aEl cabildo o régimen municipal puertorriqueño en el siglo XVIII /
_cAída R. Caro Costas.
260 _aSan Juan :
_bInstituto de Cultura Puertorriqueña,
_c1974.
300 _av. <2> ;
_c24 cm.
504 _aBibliografía: p. 283-286.
650 0 _aGobierno municipal
_zPuerto Rico
_xHistoria
_917207
651 4 _aPuerto Rico
_xPolítica Y Gobierno
_y1898.
_930144
942 _2ddc
_cLBS1
999 _c12685
_d12685